000 00507nam a22001457a 4500
082 _a672
_bHAN
_cL-13, P-27
100 _aDorman, Long & Co., Ltd
_945241
245 _aConstructional Engineers
_bTables Relating to Steel and Information Regarding the Products and Manufactures
_cDorman, Long & Co., Ltd
250 _a1938
260 _aBritian
_bMccrquodale & Co., Limited Caxton Works Glassgow
300 _a609 P, :
526 _a0
_b0
_c0
_d672_000000000000000_HAN
650 _aMCE
_9379
942 _2ddc
_cBK
999 _c548813
_d548813